[Event "Lichtenberger Sommer"]
[Site "Berlin"]
[Date "2009.08.22"]
[Round "8.95"]
[White "Richter, Dirk"]
[Black "Heldt, Ronny"]
[Result "0-1"]
[WhiteElo "1448"]
[BlackElo "1112"]
[PlyCount "78"]
[EventDate "2009.??.??"]
[WhiteTeam "SG Lok Brandenburg, Abt. Schach"]
[BlackTeam "Treptower SV 1949 e.V."]

1. e4 e6 2. d4 d5 3. e5 c5 4. c3 Bd7 5. Be3 cxd4 6. cxd4 Nc6 7. Nc3 f6 8. f4
fxe5 9. fxe5 Nge7 10. Bd3 Qb6 11. Qd2 g6 12. Nf3 Bg7 13. O-O Nb4 14. Be2 Nf5
15. Bf4 a6 16. g4 Ne7 17. a3 Nbc6 18. Be3 Na5 19. Rab1 O-O 20. b4 Nac6 21. Ng5
Qc7 22. Bd3 h6 23. Nf3 Kh7 24. h4 Be8 25. h5 Rc8 26. Nh4 Nxe5 27. Nxd5 exd5 28.
dxe5 Qxe5 29. hxg6+ Bxg6 30. Nxg6 Qg3+ 31. Kh1 Nxg6 32. Bf5 Qh3+ 33. Kg1 Qg3+
34. Kh1 Rc3 35. Bg1 Qh3+ 36. Bh2 Rf3 37. Rxf3 Qxf3+ 38. Kg1 Rd8 39. Qc2 Bd4+
0-1

[Event "Lichtenberger Sommer"]
[Site "Berlin"]
[Date "2009.08.22"]
[Round "8.96"]
[White "Kammler, Hans-Joachim"]
[Black "Stiemerling, Karl-Heinz"]
[Result "1/2-1/2"]
[WhiteElo "1276"]
[BlackElo "1766"]
[PlyCount "107"]
[EventDate "2009.??.??"]
[WhiteTeam "SG Eckturm"]
[BlackTeam "SG Eckturm"]

1. e4 c5 2. Nf3 Nc6 3. c3 e6 4. d4 cxd4 5. cxd4 d6 6. Bb5 Bd7 7. Be3 a6 8. Ba4
Nf6 9. Nc3 Be7 10. Rc1 Ng4 11. Bd2 O-O 12. h3 Nf6 13. a3 b5 14. Bc2 e5 15. Ne2
exd4 16. Nexd4 Ne5 17. Nf5 Bxf5 18. exf5 Rc8 19. Nxe5 dxe5 20. O-O Nd5 21. Bb1
Rxc1 22. Bxc1 Nb6 23. Qg4 Bf6 24. Rd1 Qc7 25. h4 Rd8 26. Rxd8+ Qxd8 27. h5 Qd4
28. Qh3 e4 29. Be3 Qd6 30. Qg4 Qd8 31. Ba2 Nc4 32. Bxc4 bxc4 33. Kh2 Qd6+ 34.
Kh3 Bxb2 35. Qxe4 Bxa3 36. Qa8+ Qf8 37. Qxa6 c3 38. h6 Qd6 39. Qc8+ Qf8 40.
Qxc3 gxh6 41. Qf6 Qg7 42. Qd8+ Bf8 43. Qh4 f6 44. g4 Kf7 45. Qg3 Be7 46. Qc7
Qf8 47. Bc5 Qd8 48. Qxd8 Bxd8 49. f4 Bc7 50. Be3 Bd6 51. Kh4 Bf8 52. Kh5 Bg7
53. Bd2 Bf8 54. Be3 1/2-1/2

[Event "Lichtenberger Sommer"]
[Site "Berlin"]
[Date "2009.08.22"]
[Round "8.97"]
[White "Glase, Johan"]
[Black "Heyne, Klaus"]
[Result "1/2-1/2"]
[WhiteElo "964"]
[BlackElo "1169"]
[PlyCount "31"]
[EventDate "2009.??.??"]
[WhiteTeam "SC Friesen Lichtenberg e.V."]
[BlackTeam "SC Rotation Pankow e.V."]

1. e4 c5 2. Nf3 a6 3. e5 e6 4. Nc3 Nc6 5. d4 cxd4 6. Nxd4 Nxe5 7. Bf4 Nc6 8. g3
d6 9. Bg2 Nxd4 10. Qxd4 e5 11. Bxe5 dxe5 12. Qxe5+ Qe7 13. Qxe7+ Bxe7 14. Nd5
Bd8 15. O-O-O Nf6 16. Rhe1+ 1/2-1/2

[Event "Lichtenberger Sommer"]
[Site "Berlin"]
[Date "2009.08.22"]
[Round "8.98"]
[White "Berg, Gerd"]
[Black "Fege, Julian"]
[Result "1/2-1/2"]
[WhiteElo "1657"]
[BlackElo "1007"]
[PlyCount "81"]
[EventDate "2009.??.??"]
[WhiteTeam "SK König Tegel 1949 e.V."]
[BlackTeam "SC Friesen Lichtenberg e.V."]

1. c4 e5 2. Nc3 Nc6 3. a3 Nf6 4. d3 Be7 5. Nf3 O-O 6. g3 d5 7. cxd5 Nxd5 8. Bg2
Be6 9. O-O Qd7 10. Nxd5 Bxd5 11. b4 f6 12. Be3 a6 13. Rc1 Rfd8 14. Qc2 Rac8 15.
Bc5 Bxc5 16. Qxc5 Qd6 17. Nh4 Bxg2 18. Kxg2 Qxc5 19. Rxc5 Nd4 20. Re1 b6 21.
Rc3 c5 22. e3 g5 23. exd4 exd4 24. Rc2 gxh4 25. bxc5 Rxc5 26. Rce2 Kf8 27. Re6
hxg3 28. hxg3 Rc3 29. Rxf6+ Kg7 30. Rxb6 Rxa3 31. Re7+ Kh8 32. Rbb7 Rxd3 33.
Rxh7+ Kg8 34. Rbg7+ Kf8 35. Ra7 Kg8 36. Rhg7+ Kh8 37. Rac7 Rc3 38. Rh7+ Kg8 39.
Rcg7+ Kf8 40. Rg4 d3 41. Rf4+ 1/2-1/2

[Event "Lichtenberger Sommer"]
[Site "Berlin"]
[Date "2009.08.22"]
[Round "8.99"]
[White "Tschirschwitz, Stephan"]
[Black "Noakes, Günther"]
[Result "1-0"]
[WhiteElo "1561"]
[BlackElo "1059"]
[PlyCount "103"]
[EventDate "2009.??.??"]
[WhiteTeam "SG Lasker Steglitz-Wilmersdorf"]
[BlackTeam "SF Hamburg eV 1934"]

1. d4 d5 2. Nf3 Nf6 3. c4 c6 4. cxd5 cxd5 5. Nc3 Bg4 6. h3 Bxf3 7. gxf3 e6 8.
Bf4 Nbd7 9. e3 Bb4 10. a3 Bxc3+ 11. bxc3 O-O 12. Qb3 b6 13. Ba6 e5 14. Bxe5
Nxe5 15. dxe5 Ne8 16. Bb7 Rb8 17. Bxd5 Nc7 18. Be4 Qd7 19. Rd1 Qe7 20. f4 Rbd8
21. Rxd8 Rxd8 22. Ke2 Rd7 23. Rd1 Qd8 24. Rxd7 Qxd7 25. f5 Qb5+ 26. Qxb5 Nxb5
27. Kd3 Nxa3 28. c4 a5 29. Kc3 b5 30. cxb5 Nxb5+ 31. Kb3 a4+ 32. Kb4 Nc3 33.
Kxc3 a3 34. Kb3 a2 35. Kxa2 g6 36. fxg6 hxg6 37. f4 Kf8 38. h4 Ke7 39. Kb3 Ke6
40. Kc4 f5 41. Bc6 g5 42. hxg5 Ke7 43. Kd5 Kf7 44. Kd6 Kg7 45. e6 Kf8 46. e7+
Kg7 47. e8=Q Kh7 48. Qh5+ Kg8 49. Ke7 Kg7 50. Bb5 Kg8 51. Kf6 Kf8 52. Qh8# 1-0

[Event "Lichtenberger Sommer"]
[Site "Berlin"]
[Date "2009.08.22"]
[Round "8.100"]
[White "Schröder, Gert"]
[Black "Lippianowski, Stefan"]
[Result "1-0"]
[WhiteElo "1154"]
[BlackElo "936"]
[PlyCount "39"]
[EventDate "2009.??.??"]
[WhiteTeam "SV Königsjäger Süd-West e.V."]
[BlackTeam "Treptower SV 1949 e.V."]

1. d4 d5 2. c4 Nf6 3. Nc3 e6 4. Nf3 Nc6 5. a3 h6 6. Bf4 Bd6 7. Ne5 Qe7 8. Nxc6
bxc6 9. Be5 O-O 10. e3 Nh7 11. Bd3 f5 12. f4 Rf7 13. O-O Nf8 14. Rf3 Ng6 15.
Rg3 Kh7 16. Qh5 Nf8 17. Rf1 Bd7 18. c5 Bxc5 19. dxc5 Qxc5 20. Qxf7 1-0

[Event "Lichtenberger Sommer"]
[Site "Berlin"]
[Date "2009.08.23"]
[Round "9.1"]
[White "Klundt, Klaus"]
[Black "Brüdigam, Martin"]
[Result "0-1"]
[WhiteElo "2333"]
[BlackElo "2249"]
[PlyCount "98"]
[EventDate "2009.??.??"]
[WhiteTeam "vereinslos"]
[BlackTeam "USV Potsdam e.V., Abt. Schach"]

1. e4 c5 2. Nf3 e6 3. d4 cxd4 4. Nxd4 Nc6 5. Nc3 a6 6. Nxc6 bxc6 7. Bd3 d5 8.
O-O Nf6 9. Re1 d4 10. Nb1 e5 11. Nd2 Bb4 12. Rf1 Bxd2 13. Bxd2 O-O 14. f4 c5
15. Qf3 Nd7 16. Qg3 Qe7 17. fxe5 Nxe5 18. Bf4 Re8 19. Bxe5 Qxe5 20. Bc4 Ra7 21.
Rxf7 Rxf7 22. Rf1 Qxg3 23. Bxf7+ Kh8 24. hxg3 Rxe4 25. Bc4 Re8 26. Rf7 g6 27.
Rc7 Bf5 28. Rxc5 Re1+ 29. Kf2 Rc1 30. Bxa6 d3 31. Bxd3 Bxd3 32. Ke3 Rxc2 33.
Rxc2 Bxc2 34. b4 Ba4 35. Kd4 Kg7 36. Kc5 Kf7 37. b5 Ke7 38. Kb4 Bc2 39. a4 Kd7
40. a5 Be4 41. Kc5 Kc7 42. a6 Bxg2 43. b6+ Kb8 44. Kd6 Bf1 45. a7+ Kb7 46. Ke6
Bg2 47. Kf6 Kxb6 48. Kg7 Kxa7 49. Kxh7 Be4 0-1

[Event "Lichtenberger Sommer"]
[Site "Berlin"]
[Date "2009.08.23"]
[Round "9.2"]
[White "Rabiega, Robert"]
[Black "Giemsa, Stephan"]
[Result "1-0"]
[WhiteElo "2551"]
[BlackElo "2301"]
[PlyCount "117"]
[EventDate "2009.??.??"]
[WhiteTeam "SK König Tegel 1949 e.V."]
[BlackTeam "SK König Tegel 1949 e.V."]

1. e4 e6 2. d4 d5 3. Nc3 Bb4 4. exd5 exd5 5. Bd3 c6 6. Qf3 Qf6 7. Bf4 Ne7 8.
Qg3 Nd7 9. a3 Bxc3+ 10. bxc3 O-O 11. Ne2 Ng6 12. Bg5 Qe6 13. h4 f6 14. Bh6 Qf7
15. Be3 Nb6 16. h5 Ne7 17. Qf3 Nc4 18. O-O Nb2 19. Ng3 Nxd3 20. cxd3 Qe6 21.
Rad1 b6 22. Qf4 Qg4 23. Qd6 Qd7 24. Bf4 Qxd6 25. Bxd6 Re8 26. Rfe1 Kf7 27. Re3
Bd7 28. Bxe7 Rxe7 29. Rxe7+ Kxe7 30. f3 Kd6 31. Kf2 Re8 32. Ne2 Bf5 33. Nf4 Re7
34. Rc1 c5 35. dxc5+ bxc5 36. Rb1 Kc6 37. Rb8 Bd7 38. g4 Re8 39. Rb2 Bc8 40.
Rb8 Bd7 41. Rxe8 Bxe8 42. Ne6 g5 43. Nf8 h6 44. Nh7 Bf7 45. Nxf6 Kb5 46. Ke3
Ka4 47. Nd7 c4 48. Ne5 Be6 49. dxc4 dxc4 50. Kd4 Kxa3 51. Nxc4+ Kb3 52. Na5+
Kc2 53. c4 Kd2 54. c5 Ke2 55. Ke4 Bc8 56. c6 Kd2 57. Nc4+ Kc3 58. Nd6 Be6 59.
Ke5 1-0

[Event "Lichtenberger Sommer"]
[Site "Berlin"]
[Date "2009.08.23"]
[Round "9.3"]
[White "Meister, Jakob"]
[Black "Von Herman, Ulf"]
[Result "1/2-1/2"]
[WhiteElo "2484"]
[BlackElo "2400"]
[PlyCount "88"]
[EventDate "2009.??.??"]
[WhiteTeam "SK Zehlendorf e.V."]
[BlackTeam "SK König Tegel 1949 e.V."]

1. e4 c5 2. Nf3 Nc6 3. Bb5 d6 4. O-O Bd7 5. Re1 a6 6. Bxc6 Bxc6 7. d4 cxd4 8.
Qxd4 Nf6 9. Bg5 e6 10. Nc3 Be7 11. Rad1 O-O 12. Rd3 h6 13. Bc1 Qa5 14. e5 dxe5
15. Nxe5 Rfd8 16. Nxc6 bxc6 17. Qc4 Rxd3 18. cxd3 Rd8 19. a3 Nd5 20. Bd2 Nxc3
21. Bxc3 Qb5 22. a4 Qxc4 23. dxc4 Rb8 24. Rd1 Bf6 25. Kf1 Bxc3 26. bxc3 Rb3 27.
Rd8+ Kh7 28. Rc8 Rxc3 29. Rxc6 a5 30. Rc5 Rc2 31. h4 g5 32. hxg5 hxg5 33. Rxa5
Rxc4 34. Ke2 Rc2+ 35. Ke3 Ra2 36. g4 Kg6 37. Ra6 Kg7 38. f3 Ra1 39. Ra8 Ra3+
40. Ke4 Kf6 41. f4 gxf4 42. Kxf4 Ra2 43. a5 Ra4+ 44. Kg3 Kg5 1/2-1/2

[Event "Lichtenberger Sommer"]
[Site "Berlin"]
[Date "2009.08.23"]
[Round "9.4"]
[White "Meißner, Hans-Jürgen"]
[Black "Kalinitschew, Sergey"]
[Result "0-1"]
[WhiteElo "2213"]
[BlackElo "2488"]
[PlyCount "95"]
[EventDate "2009.??.??"]
[WhiteTeam "SV Empor Berlin e.V."]
[BlackTeam "SK Zehlendorf e.V."]

1. d4 f5 2. c4 Nf6 3. Nc3 e6 4. g3 Bb4 5. Bd2 O-O 6. Bg2 Qe7 7. Nh3 d6 8. O-O
Bxc3 9. Bxc3 e5 10. e3 a5 11. b3 Nc6 12. Re1 Bd7 13. d5 Nd8 14. f3 c6 15. Qd2
a4 16. Nf2 cxd5 17. cxd5 Bb5 18. e4 fxe4 19. fxe4 Nf7 20. Qe3 Nh6 21. h3 Nf7
22. Bb4 Nd7 23. bxa4 Rxa4 24. a3 b6 25. Rab1 Ra7 26. Rec1 Ba4 27. Nd1 Nc5 28.
Nf2 Bd7 29. Kh2 Qd8 30. Rb2 Bc8 31. Bd2 h6 32. Rcb1 Ng5 33. Bb4 Raf7 34. Bxc5
bxc5 35. Nd1 Qd7 36. Rb8 Rf3 37. Qe2 Rxa3 38. Ne3 Nf3+ 39. Kh1 Nd4 40. Qd2 Qe7
41. Rf1 Rxf1+ 42. Nxf1 Qc7 43. Qb2 Ra7 44. Ne3 c4 45. Nf5 Nxf5 46. exf5 Rb7 47.
Rxb7 Qxb7 48. Qf2 0-1

[Event "Lichtenberger Sommer"]
[Site "Berlin"]
[Date "2009.08.23"]
[Round "9.5"]
[White "Vogel, Robert"]
[Black "Schäfer, Erik"]
[Result "1-0"]
[WhiteElo "2318"]
[BlackElo "2164"]
[PlyCount "129"]
[EventDate "2009.??.??"]
[WhiteTeam "SGem Pang/Rosenheim"]
[BlackTeam "USV TU Dresden"]

1. d4 Nf6 2. c4 g6 3. Nc3 Bg7 4. e4 d6 5. f4 c5 6. d5 b5 7. cxb5 a6 8. Nf3 O-O
9. a4 axb5 10. Bxb5 Nbd7 11. O-O Ne8 12. Be3 Qa5 13. Qc2 Nc7 14. Bc6 Rb8 15.
Nb5 Na6 16. Bd2 Nb4 17. Qb1 Nb6 18. Rc1 Bb7 19. b3 Bxa1 20. Qxa1 Rfc8 21. Bxb7
Rxb7 22. f5 f6 23. fxg6 hxg6 24. Nh4 Kf7 25. Qc3 Nd7 26. Qh3 Qd8 27. Qg4 Ne5
28. Qe6+ Kg7 29. Bxb4 Nd3 30. Rc3 c4 31. Rxd3 cxd3 32. Bd2 Rc2 33. Qg4 Qb6+ 34.
Kf1 g5 35. Nf3 Rxd2 36. Nxd2 Qe3 37. Qd1 Rb8 38. Qe1 Qf4+ 39. Kg1 Rc8 40. Nd4
Kf7 41. Nc6 e6 42. g3 Qg4 43. Nc4 Rh8 44. Nxd6+ Kg7 45. Nd4 e5 46. N4f5+ Kg6
47. Ne3 Qd7 48. Ndc4 Qa7 49. Qf2 Rf8 50. Kg2 Qd4 51. Nd2 Qb4 52. Ng4 Kg7 53.
Ne3 Kg6 54. Nec4 Qc3 55. a5 f5 56. exf5+ Rxf5 57. Qe3 g4 58. a6 Qa1 59. a7 e4
60. Qxe4 Kg5 61. Ne3 Rf8 62. Qxg4+ Kh6 63. Nf5+ Kh7 64. Qh5+ Kg8 65. Ne7+ 1-0

[Event "Lichtenberger Sommer"]
[Site "Berlin"]
[Date "2009.08.23"]
[Round "9.6"]
[White "Petersen, Soren Boeck"]
[Black "Schindler, Samuel"]
[Result "1/2-1/2"]
[WhiteElo "2263"]
[BlackElo "2260"]
[PlyCount "121"]
[EventDate "2009.??.??"]
[WhiteTeam "Danmarks Radio Skakklub"]
[BlackTeam "SC Pfullendorf"]

1. e4 c6 2. d4 d5 3. Nc3 dxe4 4. Nxe4 Bf5 5. Ng3 Bg6 6. h4 h6 7. Nf3 Nd7 8. h5
Bh7 9. Bd3 Bxd3 10. Qxd3 e6 11. Bf4 Qa5+ 12. Bd2 Qc7 13. O-O-O Ngf6 14. Ne4
Nxe4 15. Qxe4 Bd6 16. g3 O-O-O 17. c4 Nf6 18. Qc2 Qe7 19. Kb1 Kb8 20. Bc3 Rhg8
21. a3 Ka8 22. Rde1 Qc7 23. c5 Be7 24. Ne5 Rgf8 25. Qa4 Rd5 26. Nc4 Nd7 27. Ba5
Qb8 28. Rd1 Bf6 29. Ne3 Rg5 30. Rc1 Rc8 31. Rh3 b5 32. Qd1 g6 33. hxg6 Rxg6 34.
Bc3 Qc7 35. Qf3 Bg5 36. Rch1 f5 37. Qe2 f4 38. Ng2 Rf8 39. gxf4 Bxf4 40. Nh4
Rgf6 41. d5 exd5 42. Bxf6 Rxf6 43. Re1 Kb7 44. Nf3 Nxc5 45. Nd4 Ne4 46. f3 Ng5
47. Rhh1 a6 48. Qe8 Bd6 49. Ne6 Nxe6 50. Rxe6 Rxe6 51. Qxe6 Bf4 52. Re1 Qh7+
53. Ka1 Kb6 54. Qf6 Bg3 55. Qd4+ Kb7 56. Re6 Qf7 57. Qe3 Bc7 58. Qxh6 Qxf3 59.
Rxc6 d4 60. Rxc7+ Kxc7 61. Qg7+ 1/2-1/2

[Event "Lichtenberger Sommer"]
[Site "Berlin"]
[Date "2009.08.23"]
[Round "9.7"]
[White "Ozeran, Volodymyr"]
[Black "Sieglen, Joachim"]
[Result "1-0"]
[WhiteElo "2064"]
[BlackElo "2339"]
[PlyCount "99"]
[EventDate "2009.??.??"]
[WhiteTeam "SK Dessau 93 e. V."]
[BlackTeam "SV Marbach"]

1. e4 e6 2. d4 d5 3. Nd2 c5 4. exd5 Qxd5 5. Ngf3 cxd4 6. Bc4 Qd6 7. O-O Nf6 8.
Qe2 Nc6 9. Nb3 a6 10. a4 Be7 11. Rd1 e5 12. c3 Bg4 13. h3 Bh5 14. g4 Bg6 15.
cxd4 e4 16. Ne5 Rc8 17. Bf4 Qb4 18. Rdc1 Nd7 19. Nxc6 Rxc6 20. Bd5 Rxc1+ 21.
Rxc1 Nb6 22. Bd2 Qxa4 23. Nc5 Bxc5 24. Rxc5 Qxd4 25. Be3 Qa4 26. Rc7 Nxd5 27.
Rc8+ Kd7 28. Rxh8 Qb3 29. Qd2 Qb5 30. h4 h5 31. gxh5 Bf5 32. h6 gxh6 33. Bxh6
Bh3 34. Kh2 Be6 35. Bg5 Kc6 36. Bd8 Qb3 37. Rg8 b6 38. Rg3 Qc4 39. Bg5 f6 40.
Be3 Bf5 41. h5 Kb5 42. Rg1 Nb4 43. Qd6 Nd5 44. Rc1 Qd3 45. Qc6+ Kb4 46. Ra1
Nxe3 47. Ra4+ Kb3 48. Ra3+ Kxb2 49. Rxd3 exd3 50. Qxf6+ 1-0

[Event "Lichtenberger Sommer"]
[Site "Berlin"]
[Date "2009.08.23"]
[Round "9.8"]
[White "Kapp, Martin"]
[Black "Muse, Drazen"]
[Result "1/2-1/2"]
[WhiteElo "2134"]
[BlackElo "2374"]
[PlyCount "58"]
[EventDate "2009.??.??"]
[WhiteTeam "TSV IFA Chemnitz"]
[BlackTeam "SK König Tegel 1949 e.V."]

1. d4 d5 2. c4 e6 3. Nc3 c5 4. e3 Nf6 5. Nf3 Nc6 6. cxd5 exd5 7. Bd3 Be7 8. O-O
O-O 9. Ne5 Be6 10. Nxc6 bxc6 11. dxc5 Bxc5 12. Qc2 Bd6 13. e4 Ng4 14. h3 Qh4
15. exd5 cxd5 16. Bxh7+ Qxh7 17. Qxh7+ Kxh7 18. hxg4 Rfd8 19. f3 Bc5+ 20. Kh2
Bd6+ 21. g3 Rac8 22. Be3 Be5 23. Bxa7 Bxc3 24. bxc3 Rxc3 25. Bd4 Rc4 26. Rfd1
Rc2+ 27. Kg1 Ra8 28. a4 Bd7 29. Bf2 Rxa4 1/2-1/2

[Event "Lichtenberger Sommer"]
[Site "Berlin"]
[Date "2009.08.23"]
[Round "9.9"]
[White "Rozov, Boris"]
[Black "Bach, Matthias"]
[Result "0-1"]
[WhiteElo "2138"]
[BlackElo "2307"]
[PlyCount "169"]
[EventDate "2009.??.??"]
[WhiteTeam "vereinslos"]
[BlackTeam "Hamburger SK von 1830 eV"]

1. e4 e6 2. d4 d5 3. exd5 exd5 4. Bd3 Bd6 5. Nf3 Nf6 6. O-O O-O 7. Re1 Bg4 8.
Bg5 Nbd7 9. Nbd2 c6 10. c3 Qc7 11. Qc2 Rfe8 12. h3 Bh5 13. Nh4 Bh2+ 14. Kh1 Bf4
15. Bxf6 Nxf6 16. g4 Bg6 17. Nxg6 hxg6 18. Kg2 Re7 19. Rxe7 Qxe7 20. Nf3 Qd7
21. Ne5 Qc7 22. Re1 Re8 23. Nf3 Rxe1 24. Nxe1 Qe7 25. Qe2 Kf8 26. Qxe7+ Kxe7
27. Nc2 Bc1 28. b3 g5 29. Kf3 Kd6 30. Ne3 g6 31. c4 Ne8 32. cxd5 cxd5 33. Bf1
Nc7 34. Ke2 Nb5 35. Nc2 Nc3+ 36. Kd3 Nxa2 37. Bg2 Bf4 38. Ne3 Nb4+ 39. Kc3 a5
40. Bf1 Ke6 41. Bb5 Bd6 42. Be2 Nc6 43. Bf3 Bb4+ 44. Kd3 Ne7 45. Bg2 f5 46. Nc2
Bd6 47. Ne3 f4 48. Nd1 Bb4 49. Nc3 Kd6 50. Bf1 Bxc3 51. Kxc3 Kc6 52. f3 b5 53.
Bd3 Kb6 54. Bc2 Kc7 55. Kd3 b4 56. Bd1 Nc6 57. Bc2 Kb6 58. Bd1 Na7 59. Bc2 Nb5
60. Bd1 Nc3 61. Bc2 Kb5 62. Kd2 a4 63. bxa4+ Nxa4 64. Bd3+ Kc6 65. Kc2 Nc3 66.
Kb3 Nb5 67. Kxb4 Nxd4 68. Bxg6 Nxf3 69. Bd3 Nh2 70. h4 gxh4 71. g5 Ng4 72. Bf1
Kd6 73. Kc3 Ne3 74. Bh3 Ke5 75. Kd3 Nf5 76. Ke2 Ng7 77. Kf3 d4 78. Bf1 Kf5 79.
g6 Kg5 80. Bd3 Nh5 81. Bc2 h3 82. Bd3 Kh6 83. Bf1 h2 84. Kg2 h1=Q+ 85. Kxh1 0-1

[Event "Lichtenberger Sommer"]
[Site "Berlin"]
[Date "2009.08.23"]
[Round "9.9"]
[White "Rozov, Boris"]
[Black "Bach, Matthias"]
[Result "1-0"]
[WhiteElo "2138"]
[BlackElo "2307"]
[PlyCount "87"]
[EventDate "2009.??.??"]
[WhiteTeam "vereinslos"]
[BlackTeam "Hamburger SK von 1830 eV"]

1. d4 Nf6 2. Nc3 d6 3. e4 g6 4. Bf4 c6 5. Qd2 b5 6. Bd3 Nbd7 7. Nf3 Nb6 8. e5
Nfd5 9. Nxd5 Nxd5 10. Bh6 Bg4 11. Be4 Bxf3 12. Bxf3 Bxh6 13. Qxh6 dxe5 14. Qg7
Rf8 15. Qxe5 f6 16. Qe4 Qd6 17. c3 Kf7 18. h4 Qe6 19. h5 g5 20. a4 a6 21. Kd2
Qxe4 22. Bxe4 h6 23. Ra2 Rfd8 24. Bxd5+ Rxd5 25. axb5 cxb5 26. Rha1 e5 27. Rxa6
Rxa6 28. Rxa6 exd4 29. Ra7+ Ke6 30. Rh7 g4 31. Rxh6 dxc3+ 32. Kxc3 Rc5+ 33. Kb3
Rf5 34. Rg6 Rxh5 35. Rxg4 Rf5 36. f3 Kd5 37. Kb4 Kc6 38. Re4 Kd6 39. Ka5 Rg5
40. Re2 Kc5 41. b4+ Kc4 42. Re4+ Kc3 43. g4 Rd5 44. Rf4 1-0

[Event "Lichtenberger Sommer"]
[Site "Berlin"]
[Date "2009.08.23"]
[Round "9.10"]
[White "Kornrumpf, Joachim"]
[Black "Solonar, Stefan"]
[Result "1/2-1/2"]
[WhiteElo "2119"]
[BlackElo "2364"]
[PlyCount "35"]
[EventDate "2009.??.??"]
[WhiteTeam "Preetzer TSV"]
[BlackTeam "SC Heusenstamm"]

1. b3 c5 2. c4 Nc6 3. Bb2 Nf6 4. Nf3 d5 5. cxd5 Nxd5 6. a3 f6 7. e3 e5 8. d3
Be6 9. Nbd2 Be7 10. Be2 O-O 11. O-O Rc8 12. Qc2 Qd7 13. Rfd1 Rfd8 14. Rac1 Bf8
15. Qb1 Qf7 16. Rf1 a5 17. Bd1 Nb6 18. Bc2 1/2-1/2

[Event "Lichtenberger Sommer"]
[Site "Berlin"]
[Date "2009.08.23"]
[Round "9.11"]
[White "Friedrich, Wiede"]
[Black "Plump, Detlef"]
[Result "0-1"]
[WhiteElo "2087"]
[BlackElo "2256"]
[PlyCount "36"]
[EventDate "2009.??.??"]
[WhiteTeam "USV Potsdam e.V., Abt. Schach"]
[BlackTeam "Chessclub York"]

1. e4 c5 2. Nf3 e6 3. Nc3 a6 4. a4 Nc6 5. Be2 Nf6 6. O-O d5 7. exd5 Nxd5 8. Re1
Be7 9. Ne4 O-O 10. d4 cxd4 11. Nxd4 Nxd4 12. Qxd4 Nb4 13. Qc3 Bd7 14. Qb3 Bc6
15. Nd2 Rc8 16. c3 Nd3 17. Rf1 Nxc1 18. Raxc1 Qxd2 0-1

[Event "Lichtenberger Sommer"]
[Site "Berlin"]
[Date "2009.08.23"]
[Round "9.12"]
[White "Kühnemund, Lutz"]
[Black "Reichenbach, Werner"]
[Result "0-1"]
[WhiteElo "1924"]
[BlackElo "2297"]
[PlyCount "80"]
[EventDate "2009.??.??"]
[WhiteTeam "SC Friesen Lichtenberg e.V."]
[BlackTeam "SK Zehlendorf e.V."]

1. b4 e5 2. Bb2 f6 3. e4 Bxb4 4. Bc4 Qe7 5. Ne2 d6 6. c3 Bc5 7. Qb3 Nh6 8. O-O
a6 9. a4 Nc6 10. a5 Nf7 11. d4 Ba7 12. Nd2 Ncd8 13. Ng3 g6 14. f4 Be6 15. Kh1
O-O 16. fxe5 fxe5 17. Nf3 Bxc4 18. Qxc4 Ne6 19. h3 Rac8 20. Nh2 c5 21. d5 Nf4
22. Bc1 h5 23. Bxf4 exf4 24. Rxf4 Ne5 25. Rxf8+ Rxf8 26. Qe2 Qg5 27. Ngf1 c4
28. Ra2 Rf2 29. Qxf2 Bxf2 30. Rxf2 Qc1 31. Rf6 Qxc3 32. Rxd6 Qxa5 33. Nf3 Nxf3
34. gxf3 c3 35. Rxg6+ Kf7 36. Rg1 Qc5 37. Ng3 Qe3 38. Rg2 h4 39. Nf5 Qxf3 40.
Kh2 Qxg2+ 0-1

[Event "Lichtenberger Sommer"]
[Site "Berlin"]
[Date "2009.08.23"]
[Round "9.13"]
[White "Kachibadze, Georg"]
[Black "Schnitzer, Peter"]
[Result "1/2-1/2"]
[WhiteElo "2224"]
[BlackElo "2183"]
[PlyCount "93"]
[EventDate "2009.??.??"]
[WhiteTeam "SK König Tegel 1949 e.V."]
[BlackTeam "SC Kreuzberg e.V."]

1. e4 c5 2. Nf3 d6 3. d4 cxd4 4. Nxd4 Nf6 5. Nc3 a6 6. Be2 e5 7. Nb3 Be7 8. Be3
O-O 9. O-O Be6 10. Qd2 Nbd7 11. a4 Rc8 12. f3 Qc7 13. a5 Rfd8 14. Rfc1 Nc5 15.
Nd5 Bxd5 16. exd5 h6 17. Nxc5 dxc5 18. c4 Ne8 19. Bd3 Rb8 20. Qf2 Bd6 21. b4 e4
22. fxe4 Bxh2+ 23. Kh1 Bg3 24. Qf5 cxb4 25. c5 Qe7 26. Rab1 Bc7 27. Rxb4 Bxa5
28. Ra4 Bc7 29. Rf1 Qh4+ 30. Qh3 Qxh3+ 31. gxh3 Be5 32. Rb4 a5 33. Ra4 Bc3 34.
Rc4 Bb4 35. Bc2 Rbc8 36. Bb3 Nf6 37. d6 Nd7 38. Rxb4 axb4 39. Rxf7 Kh8 40. Bd4
Nxc5 41. Bxg7+ Kg8 42. Bd5 Rxd6 43. Rc7+ Ne6 44. Rxc8+ Kxg7 45. Rc4 Nf4 46.
Rxb4 Nxd5 47. Rxb7+ 1/2-1/2

[Event "Lichtenberger Sommer"]
[Site "Berlin"]
[Date "2009.08.23"]
[Round "9.14"]
[White "Behrmann, Joachim"]
[Black "Kapr, Klaus"]
[Result "1-0"]
[WhiteElo "2216"]
[BlackElo "2044"]
[PlyCount "41"]
[EventDate "2009.??.??"]
[WhiteTeam "SK Zehlendorf e.V."]
[BlackTeam "SC Friesen Lichtenberg e.V."]

1. d4 d5 2. c4 Nc6 3. Nc3 dxc4 4. Nf3 Nf6 5. Bg5 Bg4 6. d5 Bxf3 7. exf3 Ne5 8.
Qd4 Ned7 9. Bxc4 a6 10. O-O h6 11. Bxf6 exf6 12. Rfe1+ Be7 13. d6 cxd6 14. Nd5
Ne5 15. Nxe7 Qxe7 16. f4 O-O 17. fxe5 dxe5 18. Qe4 Rac8 19. Bb3 Rfd8 20. Rad1
Qc5 21. Qxb7 1-0

[Event "Lichtenberger Sommer"]
[Site "Berlin"]
[Date "2009.08.23"]
[Round "9.15"]
[White "Kohler, Thomas"]
[Black "Zschäbitz, Klaus"]
[Result "1-0"]
[WhiteElo "2241"]
[BlackElo "2101"]
[PlyCount "118"]
[EventDate "2009.??.??"]
[WhiteTeam "SC Zitadelle Spandau 1977 e.V."]
[BlackTeam "BSG 1827 Eckbauer e.V."]

1. g3 d5 2. Nf3 e6 3. Bg2 Nf6 4. O-O Be7 5. c4 dxc4 6. Qa4+ Nbd7 7. Qxc4 c5 8.
d4 Nb6 9. Qc2 cxd4 10. Rd1 Bd7 11. Nxd4 Rc8 12. Qd3 Nfd5 13. a3 Qc7 14. e4 Nf6
15. Nc3 a6 16. Qe2 Nc4 17. f4 g6 18. e5 Nh5 19. Ne4 O-O 20. b3 Na5 21. Bb2 Qb6
22. Kh1 Rfd8 23. Nd6 Bxd6 24. exd6 Nxb3 25. Rab1 Nxd4 26. Bxd4 Qa5 27. Bb6 Bb5
28. Bxa5 Bxe2 29. Bxd8 Bxd1 30. Bc7 Ba4 31. Bxb7 Rf8 32. Rb6 a5 33. Ra6 Nf6 34.
Rxa5 Bd7 35. Rc5 h6 36. Rc4 Nd5 37. a4 Ne3 38. Re4 Nd1 39. Rb4 Nf2+ 40. Kg2 Nd3
41. Rc4 Nb2 42. Rc2 Nd1 43. Rd2 Bxa4 44. d7 Bxd7 45. Rxd7 Ne3+ 46. Kf3 Nf5 47.
g4 Ng7 48. Bd6 Re8 49. Be5 h5 50. h3 Rf8 51. Bf6 Rb8 52. Ke3 Rf8 53. Kd4 Kh7
54. Ke5 Kg8 55. Be7 Re8 56. Bd6 hxg4 57. hxg4 g5 58. fxg5 Kh8 59. Rxf7 Rd8 1-0

[Event "Lichtenberger Sommer"]
[Site "Berlin"]
[Date "2009.08.23"]
[Round "9.16"]
[White "Schatz, Dieter"]
[Black "Just, Detlef"]
[Result "1-0"]
[WhiteElo "2203"]
[BlackElo "1932"]
[PlyCount "120"]
[EventDate "2009.??.??"]
[WhiteTeam "SK Landau"]
[BlackTeam "SC Zugzwang 95 e.V."]

1. e4 g6 2. Nc3 d6 3. g3 Bg7 4. Bg2 Nf6 5. d4 O-O 6. Nge2 e5 7. h3 exd4 8. Nxd4
Nbd7 9. O-O c6 10. a4 a5 11. Nde2 Qe7 12. Be3 Ne5 13. f4 Nc4 14. Bc1 d5 15. e5
Nd7 16. Nd4 Qc5 17. Kh2 Re8 18. Nce2 Qe7 19. b3 Ncb6 20. Ba3 Qd8 21. Nc1 Nf8
22. Nd3 Nbd7 23. g4 Ne6 24. Nf3 f5 25. gxf5 gxf5 26. h4 Ra6 27. Bh3 c5 28. Qd2
Rc6 29. Ng5 c4 30. Bxf5 Nxg5 31. hxg5 cxd3 32. Bxd3 Nf8 33. Rae1 Qd7 34. Qg2
Ng6 35. Qg3 Qg4 36. Qxg4 Bxg4 37. Kg3 Bd7 38. Rh1 Bf8 39. Bb2 Bg7 40. Ba3 Rec8
41. Rh2 Re8 42. Rf2 Nf8 43. Bb2 Ne6 44. Rh1 Nf8 45. Rfh2 Rec8 46. f5 Be8 47. f6
Bg6 48. fxg7 Nd7 49. Rxh7 Bxd3 50. Rh8+ Kf7 51. Rxc8 Rxc8 52. e6+ Kxe6 53. Rh8
Rxc2 54. g8=Q+ Kd6 55. Bd4 Be4 56. Rh6+ Kc7 57. Qf7 Rg2+ 58. Kh3 Ra2 59. Qf4+
Kd8 60. Qd6 Bf5+ 1-0

[Event "Lichtenberger Sommer"]
[Site "Berlin"]
[Date "2009.08.23"]
[Round "9.17"]
[White "Richter, Michael"]
[Black "Küster, Manfred"]
[Result "1-0"]
[WhiteElo "2427"]
[BlackElo "1903"]
[PlyCount "39"]
[EventDate "2009.??.??"]
[WhiteTeam "Schachpinguine Berlin e.V."]
[BlackTeam "BSC Rehberge 1945 e.V."]

1. d4 Nf6 2. c4 c5 3. d5 b5 4. Nd2 Qa5 5. b4 cxb4 6. e4 d6 7. Bb2 Nbd7 8. cxb5
Qb6 9. Rc1 g6 10. Nc4 Qd8 11. Nf3 Bh6 12. Rc2 O-O 13. Nd4 Nxe4 14. Nc6 Qe8 15.
Qd4 Ndf6 16. Re2 a6 17. Rxe4 e5 18. dxe6 fxe6 19. Nxd6 Qd7 20. Bc4 1-0